Hướng dẫn sử dụng Adobe Illustrator 8.0

Αποθηκεύτηκε σε:
Λεπτομέρειες βιβλιογραφικής εγγραφής
Κύριος συγγραφέας: Hướng dẫn sử dụng Adobe Illustrator 8.0
Μορφή: Βιβλίο
Γλώσσα:Undetermined
Έκδοση: Tp. HCM Trẻ 2000
Θέματα:
Ετικέτες: Προσθήκη ετικέτας
Δεν υπάρχουν, Καταχωρήστε ετικέτα πρώτοι!
Thư viện lưu trữ: Trung tâm Học liệu Trường Đại học Cần Thơ
LEADER 00642nam a2200169Ia 4500
001 CTU_37249
008 210402s9999 xx 000 0 und d
082 |a 005.15 
082 |b H561 
100 |a Hướng dẫn sử dụng Adobe Illustrator 8.0 
245 0 |a Hướng dẫn sử dụng Adobe Illustrator 8.0 
245 0 |c Hướng dẫn sử dụng Adobe Illustrator 8.0; Dịch giả: Trần Tiến Vượng 
260 |a Tp. HCM 
260 |b Trẻ 
260 |c 2000 
650 |a adobe illustrator ( computer program language ),computer-aided design 
980 |a Trung tâm Học liệu Trường Đại học Cần Thơ